000 00634nam a2200229Ia 4500
003 OSt
005 20221007073551.0
006 a|||||r|||| 00| 0
007 ta
008 221006b |||||||| |||| 00| 0 eng d
024 _a5,554
037 _cTextual
040 _aFLL
_cFLL
_beng
041 _2eng
_aeng
082 _aZ2, 9298, M0
100 _aTakwani C.K. Au.
245 0 _aLectures on administrative law Fwd
_b D.A. Desai
260 _aLucknow
_bEastern book company India
_c1980
300 _axxxviii,328p
_ccm.
942 _hZ2, 9298, M0
_cTEXL
_2CC
999 _c1149160
_d1149160